MDQL
is popping MORE tags! Check the
thread
!
Quizzes
Events
Quiz Creation
Community
Videos
Private Events
Remove Ads
Sign In
Join for FREE
Feedback
Dark Mode
Quiz Categories
Sports
Geography
Music
Movies
Television
Just For Fun
Miscellaneous
History
Literature
Language
Science
Gaming
Entertainment
Religion
Holiday
For Kids
Quiz Lab
Recent
Popular Today
Quiz Kudos Today
Editor Picks
Curator Picks
Quizzes by...
Day
Popularity
Type
Ratings
Length
Year
Community
Subscriptions
Recent Discussions
Orange Saloon
Badges
Playlists
Quests
Create
Leaderboards
Showdown
Live 5
Trivia Bingo
Activity
Puzzle Library
Sporcle Events
Private Events
Virtual Trivia
Globe League
Become a Host
Pub Owners
SporcleCon
Opinionation
Our Games
Videos
Blog
Mobile Apps
Partnerships
Remove Ads and Go Orange
Feedback
Science
Computer
Plants
Astronomy
Chemistry
Elements
Math
Animal
Physics
Anatomy
Biology
Geology
General Science
Science
Computer
Plants
Astronomy
Chemistry
Elements
Math
Animal
Physics
Anatomy
Biology
Geology
General Science
Random Quiz
Search Sporcle
×
Quiz Lab
Quiz Lab
Science
Clickable
Select answers by clicking on text or image buttons
Select answers by clicking on text or image buttons
Clickable
Best Score? Go Orange.
Psychological Dynamics of Sport - Studies Stats
Can you match the authors and findings of sport psychology studies?
By
tommyclaessens
10m
32 Questions
8 Plays
8 Plays
8 Plays
Comments
Comments
Give Quiz Kudos
Give Quiz Kudos
-
- Ratings
hide this ad
Forced Order
Answers have to be entered in order
Answers have to be entered in order
Random Order
Randomize order of answers
Randomize order of answers
Replay
Link that replays current quiz
Next Quiz
Link to next quiz in quiz playlist
You Got
0%
They Got
Avg Score
46%
Avg Friend Score
Upgrade to see
Score Distribution
Jump to the score distribution portion of the page
Score
0/32
Timer
10:00
0
Plays Today
% Correct
'Trait profiles' exist in emergent leaders; intelligence
75%
92% studies reported +ve relationship between cohesion + performance; strongest in sport teams, then military groups, non-sport
75%
No single essential leadership trait exists; effectiveness of various traits dependent on situation
62.5%
'10 year rule' supported in elite chess
62.5%
Russian swimmers who specialised early had shorter stays on national team + quit earlier
62.5%
Puzzles: competitive group self-centred
62.5%
Ego climate (public eval.
50%
Introduction of junior size pitch + delayed rush in 3rd
50%
TF leadership enhances well-being + enjoyment
50%
Females more likely to emerge as leaders when in majority
50%
In artwork task, older (9-10yr) glanced to see 'who was better'; younger (5-6yr) glanced to 'get ideas'
50%
Staged 8 memory task games (WWWLLLWW); when losing children experienced increased HR
50%
FA schoolboys over 6-year period: 67% born Sep-Nov
50%
Clear
50%
56% respondents indicated awareness of -ves of high social cohesion (decreased focus
50%
Cooperation shown to enhance self-esteem
50%
% Correct
Varsity athletes had higher educational aspirations; former athletes have no more
50%
Team meetings (regularly scheduled
50%
Avg self-efficacy scores did not predict performance outcome but collective efficacy did
50%
Mastery climates associated with more +ve + less -ve outcomes; ego climates opposite
37.5%
Successful US basketball
37.5%
Males + females prefer male coaches; perceived as more desirable
37.5%
Elite ice hockey players spent more time as youth in deliberate play than practice
37.5%
Most male athletes above avg height
37.5%
Physical changes associated with maturation result in better performance + success; athlete's interpretation + social management of puberty also indirectly affects it
37.5%
Early maturing girls feel less attractive
37.5%
Taller
37.5%
Media campaigns conducted to influence community norms around health behaviours, can reach large population at low cost; campaigns influenced awareness but maybe not population-level effect
37.5%
Athletes viewed PAC-trained coaches as better teachers
25%
Cohesion facilitates performance only in tasks requiring close cooperation
25%
Cohesion increased attendance rates in exercise classes
25%
Hypothesised promoters engage in more PA if given promotion-focused message + preventers do same if prevention-focused; promotion-focused messages more believable
25%
Quiz Playlist
Details
Report
Send in Message
Add To Playlist
Clickable:
Select answers by clicking on text or image buttons
Forced Order:
Answers have to be entered in order
Random Order:
Randomize order of answers
Last Updated: Feb 16, 2017
Quiz Scoreboard
CHALLENGE
Sign Up to Join the Scoreboard
Show All
Scores
Hide
Comments
May contain spoilers
Recently Published
1-10 Letter E Words III
by El_Dandy
Language
2m
Street Fighter Characters
by Artimus82
Gaming
60s
College Basketball Coaching Resumes
by pancakes188
Sports
9m
More to Explore
Quiz From the Vault
Featured Blog Post
Where Did the Easter Bunny Come From?
hide this ad
You Might Also Like...
Tags
Author Quiz
Clickable Quiz
Dynamic
Psychological
Psychology
Study
Today's Top Quizzes in Science
Browse Science
hide this ad
Today's Top Quizzes in Clickable
Browse Clickable
Top Contributed Quizzes in Science
1
Quick Pick: Radians
2
The First 100 Digits of Pi
3
Quick Pick: 'CI-CJ' Animals
4
Elements In Images
5
perfect squares 1-25
6
One Thing in Common: Science
7
One Thing in Common: Science II
8
One Thing in Common: Animals
9
One Thing in Common: Science III
10
Order Up: Organs and Body Systems
Explore More
Trending Topics
Crossword
Kpop
Disney
Marvel
Anime
NBA
Harry Potter
Pokémon
Country
Puzzle
Soccer
Song
NFL
The Office
WWE
hide this ad
More By:
tommyclaessens
Quiz
Plays
Rating
Category
Featured
Created
Psychological Dynamics of Sport - Studies
8
Science
Jan 13, 2014
Go to Creator's Profile
Score Distribution
Quiz Creator Spotlight
tommyclaessens
Follow
Send a Message
Quizzes Created
-
Created Quiz Play Count
-
More By This Creator
Popular Quizzes Today
1
Find the US States - No Outlines Minefield
2
Find the Countries of Europe - No Outlines Minefield
3
The Countries of the World
4
Find the US States
5
Risky Map Clicking: Biggest States A-Z
6
US States
7
Popular People in 1961
8
Movies - When Are They Set?
More Science Quizzes
Before or After the Telescope?
Published
Trending Quizzes
Risky Map Clicking: Least Populous States A-Z
1-10 Letter G Words
1-10 Letter F Words
Countries of the World: 200 Million BC
Risky Map Clicking: Next State Alphabetically
Recently Updated
Beyoncé Albums
pecheneg
Leaping Animals
pecheneg
Reality TV Shows (A-Z)
bhenderson79
Rickey Henderson's Hall of Fame Teammates
pecheneg
Champions League XIs: Arsenal
pecheneg
Quick Pick: Celebrities in WWE's Hall of Fame
aduchscher
A-Z Keypad Blitz II
pecheneg
Multiple Oscar Actors
pecheneg
Mystery Phrase Blitz: Oscar 'Best Actors'
pecheneg
F. Scott Fitzgerald Novels
LTH
Trending Topics
NBA
Kpop
Crossword
Disney
Marvel
Harry Potter
Anime
NFL
Country
The Office
Puzzle
Pokémon
WWE
Soccer
Song
Your Account Isn't Verified!
In order to create a playlist on Sporcle, you need to verify the email address you used during registration. Go to your
Sporcle Settings
to finish the process.
Report this User
Report this user for behavior that violates our
Community Guidelines
.
Details:
Send Report
Go to the Sporcle.com Mobile Site →
Comments